Antifungal activity of pyrolytic oils of tar from rubberwood (Hevea brasiliensis) pyrolysis (Record no. 47966)

MARC details
000 -LEADER
fixed length control field 00526nam a2200181Ia 4500
100 ## - MAIN ENTRY--AUTHOR NAME
Personal name Mansor H
245 #0 - TITLE STATEMENT
Title Antifungal activity of pyrolytic oils of tar from rubberwood (Hevea brasiliensis) pyrolysis
260 ## - PUBLICATION, DISTRIBUTION, ETC. (IMPRINT)
Name of publisher Journal of Tropical Forest Science
Year of publication 1992
300 ## - PHYSICAL DESCRIPTION
Number of Pages 294-302
500 ## - GENERAL NOTE
General note HORT CD 1989-2000/12
650 ## - SUBJECT ADDED ENTRY--TOPICAL TERM
Topical Term Biodeterioration
650 ## - SUBJECT ADDED ENTRY--TOPICAL TERM
Topical Term Fungicides
650 ## - SUBJECT ADDED ENTRY--TOPICAL TERM
Topical Term Malaysia
650 ## - SUBJECT ADDED ENTRY--TOPICAL TERM
Topical Term Wood preservatives
700 ## - ADDED ENTRY--PERSONAL NAME
Personal name Rasadah M A
942 ## - ADDED ENTRY ELEMENTS (KOHA)
Koha item type Bibliography RLWO
Holdings
Withdrawn status Lost status Damaged status Not for loan Home library Current library Date acquired Serial Enumeration / chronology Koha item type
      Bibliography RRII Library RRII Library 31/12/2021 Volume 4, Issue 4 Bibliography RLWO